La jungla / (Record no. 144202)
[ view plain ]
| 000 -LEADER | |
|---|---|
| campo de control de longitud fija | 01612nam a2200313 4500 |
| 001 - NÚMERO DE CONTROL | |
| campo de control | 144202 |
| 003 - IDENTIFICADOR DE NÚMERO DE CONTROL | |
| campo de control | ES-MaACL |
| 005 - FECHA Y HORA DE LA ÚLTIMA TRANSACCIÓN | |
| campo de control | 20250806063134.0 |
| 007 - CAMPO FIJO DE DESCRIPCIÓN FÍSICA--INFORMACIÓN GENERAL | |
| campo de control de longitud fija | t| |
| 008 - DATOS DE LONGITUD FIJA--INFORMACIÓN GENERAL | |
| campo de control de longitud fija | 070214s1977 sp r ||||1| spa d |
| 017 ## - NÚMERO DE COPYRIGHT O DE DEPÓSITO LEGAL | |
| Número de copyright o de depósito legal | B 4975-1977 |
| Agencia que asigna | Oficina Depósito Legal Barcelona |
| 020 ## - NÚMERO INTERNACIONAL ESTÁNDAR DEL LIBRO | |
| Número Internacional Estándar del Libro | 84-279-0856-3 |
| 080 ## - NÚMERO DE LA CLASIFICACIÓN DECIMAL UNIVERSAL | |
| Número de la Clasificación Decimal Universal | 821.111(73)-31"19" |
| 100 1# - ENTRADA PRINCIPAL--NOMBRE DE PERSONA | |
| Nombre de persona | Sinclair, Upton, |
| Fechas asociadas al nombre | 1878-1968 |
| Término indicativo de función/relación | Autor |
| 9 (RLIN) | 106614 |
| 245 13 - MENCIÓN DEL TÍTULO | |
| Título | La jungla / |
| Mención de responsabilidad, etc. | Upton Sinclair ; [traducción del inglés por Antonio Samons] |
| 250 ## - MENCION DE EDICION | |
| Mención de edición | 1ª ed. |
| 260 ## - PUBLICACIÓN, DISTRIBUCIÓN, ETC. | |
| Lugar de publicación, distribución, etc. | Barcelona : |
| Nombre del editor, distribuidor, etc. | Noguer, |
| Fecha de publicación, distribución, etc. | 1977 |
| 300 ## - DESCRIPCIÓN FÍSICA | |
| Extensión | 408 páginas ; |
| Dimensiones | 18 cm |
| 490 1# - MENCIÓN DE SERIE | |
| Mención de serie | Libros de bolsillo Noguer ; |
| Designación de volumen o secuencia | 49 |
| RLIN | 181960 |
| 520 ## - RESUMEN, ETC. | |
| Sumario, etc. | En 1906 Upton Sinclair escribió "La jungla", una de las obras más descarnadas del socialismo literario, que toca con dureza temas tan actuales como la inmigración o la precariedad laboral. Escrita tras una visita a los mataderos de Chicago, es una descripción dura y realista de las inhumanas condiciones de trabajo en el sector. Su publicación generó protestas a favor de reformas laborales y agrícolas en Estados Unidos, y dio lugar a una investigación de Roosevelt y el Gobierno federal, que culminó en la “Pure Food Legislation” de 1906, acogida favorablemente por la opinión pública |
| 534 ## - NOTA SOBRE LA VERSIÓN ORIGINAL | |
| Encabezamiento principal del original | Traducción de: The jungle |
| 655 #7 - TERMINO DE INDIZACIÓN--GENERO/FORMA | |
| Datos o término principal de género/forma | Novelas sociales |
| Fuente del término | tgfbne |
| 9 (RLIN) | 234402 |
| 700 1# - ENTRADA AGREGADA--NOMBRE PERSONAL | |
| Nombre de persona | Samons, Antonio |
| Término indicativo de función/relación | Traductor |
| 9 (RLIN) | 102180 |
| 830 #0 - PUNTO DE ACCESO ADICIONAL DE SERIE-TÍTULO UNIFORME | |
| Título uniforme | Libros de bolsillo Noguer ; |
| Designación de volumen o secuencia | 49 |
| 9 (RLIN) | 181960 |
| 852 ## - LOCALIZACIÓN | |
| Ubicación | ES-MaACL |
| Sublocalización o colección | R.96500 |
| Ubicación en estantería | Sala Pecera Planta 1 |
| Número de control de estantería | A-7270 |
| 942 ## - ELEMENTOS DE ENTRADA SECUNDARIOS (KOHA) | |
| Fuente del sistema de clasificación o colocación | Clasificación decimal universal |
| Tipo de ítem Koha | Libro impreso |
| Suprimir en OPAC | No |
| Estatus retirado | Estado de pérdida | Estado de daño | No para préstamo | Biblioteca de origen | Biblioteca actual | Ubicación en estantería | Fecha de adquisición | Fuente de adquisición | Total de préstamos | Signatura topográfica completa | Código de barras | Visto por última vez | Precio de reemplazo | Tipo de ítem Koha |
|---|---|---|---|---|---|---|---|---|---|---|---|---|---|---|
| Biblioteca del Ateneo de Madrid | Biblioteca del Ateneo de Madrid | Sala Pecera Planta 1 | 17/01/2008 | A-7270 | 1150027 | 23/02/2023 | 23/02/2023 | Libro impreso |
